Polyfunkčný objekt s prevládajúcou funkciou bývania v Bratislave - Petržalke

Guardado en:
Detalles Bibliográficos
Autor principal: Kolimár, Marián (Autor)
Otros Autores: Puškár, Branislav (Orientador)
Formato: Manuscrito Libro
Lenguaje:eslovaco
Publicado: Bratislava 2020
Materias:
Acceso en línea:http://is.stuba.sk/zp/portal_zp.pl?podrobnosti=152449
Etiquetas: Agregar Etiqueta
Sin Etiquetas, Sea el primero en etiquetar este registro!

MARC

LEADER 00000ntm a22000003a 4500
001 stuzp78700
003 SK-STU
005 20200818065928.2
007 ta
008 150427s2015----xo-----f-mn---000-0-slo-d
040 |a STU  |b slo 
041 0 |a slo 
100 1 |a Kolimár, Marián  |u 051110  |4 aut  |U FAD Fakulta architektúry  |T FA Ústav architektúry obytných budov  |X 77098  |U A1110  |Y 392  |7 77098 
242 0 1 |a Multifunctional Building with Prevailing Housing Function in Bratislava - Petržalka  |y eng 
245 1 0 |a Polyfunkčný objekt s prevládajúcou funkciou bývania v Bratislave - Petržalke 
260 |c 2020  |a Bratislava 
650 4 |a bytový dom  |2 slo 
650 4 |a bývanie  |2 slo 
650 4 |a hotel  |2 slo 
650 4 |a housing  |2 eng 
650 4 |a hotel  |2 eng 
650 4 |a apartment building  |2 eng 
700 1 |a Puškár, Branislav  |u 051110  |k Z1  |4 ths  |U FAD Fakulta architektúry  |T FA Ústav architektúry obytných budov  |X 5199  |U A1110  |Y 392  |7 A000005199 
856 4 |u http://is.stuba.sk/zp/portal_zp.pl?podrobnosti=152449  |u https://opac.crzp.sk/?fn=detailBiblioForm&sid=2DE4D0DBB221E90D138FFBBEC259